| 000 | 00391 a2200109 4500 | ||
|---|---|---|---|
| 001 | ART_33062 | ||
| 005 | 20260410161926.0 | ||
| 008 | 260409a | ||
| 245 | 1 | 0 | _aGestión de riesgo en las empresas agro-exportadoras. Utilización de instrumentos derivados y modelos de simulación |
| 100 | 1 | _aArcidiácono, María Sol | |
| 773 | 0 |
_tLecturas _g- Nº 10 (ene. 2006) _wREV19328 |
|
| 999 |
_c28194 _d28194 |
||